The Botanical Magazine, Vol. 1 : (Record no. 246453)
[ view plain ]
| 000 -LEADER | |
|---|---|
| fixed length control field | 01879cam a22002773a 4500 |
| 001 - CONTROL NUMBER | |
| control field | 17198 |
| 003 - CONTROL NUMBER IDENTIFIER | |
| control field | PGUSA |
| 005 - DATE AND TIME OF LATEST TRANSACTION | |
| control field | 20140828083352.0 |
| 008 - FIXED-LENGTH DATA ELEMENTS--GENERAL INFORMATION | |
| fixed length control field | 051202s2005||||xxu|||||s|||||000 | eng d |
| 040 ## - CATALOGING SOURCE | |
| Original cataloging agency | PGUSA |
| Language of cataloging | eng |
| 042 ## - AUTHENTICATION CODE | |
| Authentication code | dc |
| 050 #4 - LIBRARY OF CONGRESS CALL NUMBER | |
| Classification number | QK |
| 100 1# - MAIN ENTRY--PERSONAL NAME | |
| Personal name | Curtis, William, |
| Dates associated with a name | 1746-1799 |
| 245 14 - TITLE STATEMENT | |
| Title | The Botanical Magazine, Vol. 1 : |
| Remainder of title | Or, Flower-Garden Displayed |
| Medium | [electronic resource] / |
| Statement of responsibility, etc | William Curtis |
| 260 ## - PUBLICATION, DISTRIBUTION, ETC. (IMPRINT) | |
| Name of publisher, distributor, etc | Project Gutenberg, |
| Date of publication, distribution, etc | 2005 |
| 505 0# - FORMATTED CONTENTS NOTE | |
| Formatted contents note | [1]—Iris Persica. -- [2]—Rudbeckia purpurea. -- [3]—Helleborus hyemalis. -- [4]—Cyclamen Coum. -- [5]—Erythronium Dens Canis. -- [6]—Narcissus Minor. -- [7]—Cynoglossum Omphalodes. -- [8]—Helleborus Niger. -- [9]—Iris pumila. -- [10]—Anemone Hepatica. -- [11]—Erica herbacea. -- [12]—Dodecatheon Meadia. -- [13]—Coronilla glauca. -- [14]—Primula villosa. -- [15]—Narcissus Jonquilla. -- [16]—Iris variegata. -- [17]—Cactus flagelliformis. -- [18]—Geranium Reichardi. -- [19]—Hemerocallis Flava. -- [20]—Geranium Peltatum. -- [21]—Iris Versicolor. -- [22]—Nigella damascena. -- [23]—Tropæolum majus. -- [24]—Agrostemma coronaria. -- [25]—Dianthus chinensis. -- [26]—Stapelia variegata. -- [27]—Convolvulus tricolor. -- [28]—Passiflora cœrulea. -- [29]—Reseda odorata. -- [30]—Lilium chalcedonicum. -- [31]—Jasminum officinale. -- [32]—Mesembryanthemum dolabriforme. -- [33]—Aster tenellus. -- [34]—Browallia elata. -- [35]—Crepis barbata. -- [36]—Lilium bulbiferum. |
| 506 ## - RESTRICTIONS ON ACCESS NOTE | |
| Terms governing access | Public domain in the USA. |
| 516 ## - TYPE OF COMPUTER FILE OR DATA NOTE | |
| Type of computer file or data note | Electronic text |
| 653 ## - INDEX TERM--UNCONTROLLED | |
| Uncontrolled term | Botanical illustration -- Periodicals |
| 653 ## - INDEX TERM--UNCONTROLLED | |
| Uncontrolled term | Plants, Cultivated -- Periodicals |
| 653 ## - INDEX TERM--UNCONTROLLED | |
| Uncontrolled term | Plants, Ornamental -- Periodicals |
| 653 ## - INDEX TERM--UNCONTROLLED | |
| Uncontrolled term | Plants -- Periodicals |
| 830 #0 - SERIES ADDED ENTRY--UNIFORM TITLE | |
| Uniform title | Project Gutenberg |
| Volume number/sequential designation | 17198 |
| 856 40 - ELECTRONIC LOCATION AND ACCESS | |
| Uniform Resource Identifier | <a href="http://www.gutenberg.org/ebooks/17198">http://www.gutenberg.org/ebooks/17198</a> |
| 942 ## - ADDED ENTRY ELEMENTS (KOHA) | |
| Koha item type | eBooks |
| Withdrawn status | Lost status | Damaged status | Home library | Current library | Date acquired | Total Checkouts | Date last seen | Price effective from | Koha item type |
|---|---|---|---|---|---|---|---|---|---|
| Project Gutenberg | Project Gutenberg | 08/28/2014 | 08/28/2014 | 08/28/2014 | eBooks |